Z MINULOSTI SPIŠA

Podrobná bibliografia
Hlavný autor: Žifčáková, Agnesa, 1951- (Autor)
Médium: Článok
Jazyk:slovenčina

MARC

LEADER 00000nab a2200000uu 4500
001 vtls011498224
003 SK-MaSNL
005 20260303210818.0
008 230222|2011 xo |||||||||||||||||slo|
015 |a SNBRB 
035 |a (urnnbn)urn:nbn:sk:snk:ar-a0a65e 
035 |a (uuid)926e2ea5-2b9e-4136-93a4-d4445ff2598a 
035 |a urn:nbn:sk:snk-abdtbb 
040 |a SNKBUCL  |b slo  |c SNKBUCL  |e AACR2 
041 0 |a slo 
044 |a xo  |c SK 
100 1 |a Žifčáková, Agnesa,  |d 1951-  |4 aut  |9 115740 
245 1 0 |a Z MINULOSTI SPIŠA  |c Agnesa Žifčáková 
773 0 |t Slovenská archivistika  |g Roč. 46, č. 1-2 (2011), s. 137-140 
954 |a odborná, vedecká literatúra pôvodná (slovenská)  |2 lita 
958 |a OND 
958 |a EUIPO 
958 |a article20 
999 |c 2201890  |d 2203820